=LDR 00000nam 2200000 4500 =001 INLIS000000000019080 =005 20130612114202 =008 ***********************************Ind** =035 ##$$0010-061300000019080 =041 ##$$a Ind =082 ##$$a 342.009 598 =090 ##$$a 342.009 598, Tig t =245 ##$$a Tiga undang-undang dasar, UUD 1945, konstituante RI serikat 1950, UUDS RI 1950 =260 ##$$a 1990 $b Jakarta =300 ##$$a viii, 138 hlm, 21 cm =650 ##$$a UUD 1945 =850 ##$$a NBPNMAT